Guidance on tall buildings (Record no. 107307)
[ view plain ]
| 000 -LEADER | |
|---|---|
| fixed length control field | 01227cad a22002295a 4500 |
| 001 - CONTROL NUMBER | |
| control field | L139485 |
| 008 - FIXED-LENGTH DATA ELEMENTS--GENERAL INFORMATION | |
| fixed length control field | 110516s2007 xxk f 000 0 eng d |
| 035 ## - SYSTEM CONTROL NUMBER | |
| System control number | (Sirsi) u139485 |
| 041 0# - LANGUAGE CODE | |
| Language code of text/sound track or separate title | eng |
| 050 04 - LIBRARY OF CONGRESS CALL NUMBER | |
| Classification number | 711.1 $2 18 |
| 110 2# - MAIN ENTRY--CORPORATE NAME | |
| Corporate name or jurisdiction name as entry element | Commission for Architecture and the Built Environment |
| 9 (RLIN) | 4058 |
| 245 00 - TITLE STATEMENT | |
| Title | Guidance on tall buildings |
| Remainder of title | July 2007 |
| Medium | [electronic resource] |
| 260 ## - PUBLICATION, DISTRIBUTION, ETC. | |
| Place of publication, distribution, etc. | London |
| Name of publisher, distributor, etc. | CABE |
| Date of publication, distribution, etc. | 2007 |
| 520 ## - SUMMARY, ETC. | |
| Summary, etc. | This updated and government endorsed guidance explains how CABE and English Heritage evaluate planning applications for tall buildings. Provides good practice advice in this area, and covers planning policy, planning applications, criteria for evaluation, and protection of design quality. Local planning authorities are recommended to use the guidance to inform their policy making. |
| 590 ## - LOCAL NOTE (RLIN) | |
| Local note | KA |
| 651 #4 - SUBJECT ADDED ENTRY--GEOGRAPHIC NAME | |
| Geographic name | England |
| Chronological subdivision | 886- |
| 690 ## - LOCAL SUBJECT ADDED ENTRY--TOPICAL TERM (OCLC, RLIN) | |
| Topical term or geographic name as entry element | BUILT ENVIRONMENT-BUILDING TYPES-TALL BUILDINGS |
| 690 ## - LOCAL SUBJECT ADDED ENTRY--TOPICAL TERM (OCLC, RLIN) | |
| Topical term or geographic name as entry element | Planning and development |
| 9 (RLIN) | 6259 |
| 710 2# - ADDED ENTRY--CORPORATE NAME | |
| Corporate name or jurisdiction name as entry element | English Heritage |
| 9 (RLIN) | 2714 |
| 856 40 - ELECTRONIC LOCATION AND ACCESS | |
| Uniform Resource Identifier | <a href=""></a> |
| Processor of request | ttp://webarchive.nationalarchives.gov.uk/20110118095356/http://www.cabe.org.uk/files/guidance-on-tall-buildings.pdfzView the guidance free of charge at http://webarchive.nationalarchives.gov.uk |
| 942 ## - ADDED ENTRY ELEMENTS (KOHA) | |
| Suppress in OPAC | 0 |
| Withdrawn status | Lost status | Source of classification or shelving scheme | Damaged status | Not for loan | Home library | Current library | Shelving location | Date acquired | Total Checkouts | Full call number | Barcode | Date last seen | Copy number | Price effective from | Koha item type |
|---|---|---|---|---|---|---|---|---|---|---|---|---|---|---|---|
| Dewey Decimal Classification | Virtual | Virtual | Online | 30/07/2007 | ONLINE PUBLICATION | 139485-2001 | 06/08/2019 | 1 | 06/08/2019 | Book |